Pastýřem dětského srdce : úkol správně vychovat děti není beznadějný /

Hlavní autor: Tripp, Tedd
Další autoři: Vránová, Jana, 1974-
Jazyk: Čeština
Vydáno: Kroměříž : Didasko, [2017]
Vydání: Druhé vydání, v tomto nakladatelství první
Témata:
Fyzický popis: 184 stran : ilustrace ; 21 cm
Knihy
Uloženo v:
LEADER 02198nam a2200589 i 4500
001 nkc20182991878
003 CZ PrNK
005 20180619095030.0
007 ta
008 180412t20172017xr a e f 000 0 cze d
015 |a cnb002991878 
020 |a 978-80-87587-38-6  |q (brožováno) 
035 |a (OCoLC)1043884362 
040 |a BOA001  |b cze  |d ABA001  |e rda 
041 1 |a cze  |h eng 
072 7 |a 27-4  |x Praktická teologie. Morální teologie  |2 Konspekt  |9 5 
080 |a 37.03-053.2  |2 MRF 
080 |a 316.36:37.016  |2 MRF 
080 |a 316.356.2  |2 MRF 
080 |a 27  |2 MRF 
080 |a 27-47  |2 MRF 
080 |a 27-277.2  |2 MRF 
080 |a (0.062)  |2 MRF 
100 1 |a Tripp, Tedd  |7 pna2005292322  |4 aut 
240 1 0 |a Shepherding a child's heart.  |l Česky 
245 1 0 |a Pastýřem dětského srdce :  |b úkol správně vychovat děti není beznadějný /  |c Tedd Tripp ; překlad: Jana Vránová 
250 |a Druhé vydání, v tomto nakladatelství první 
264 1 |a Kroměříž :  |b Didasko,  |c [2017] 
264 4 |c ©2017 
300 |a 184 stran :  |b ilustrace ;  |c 21 cm 
336 |a text  |b txt  |2 rdacontent 
337 |a bez média  |b n  |2 rdamedia 
338 |a svazek  |b nc  |2 rdacarrier 
500 |a Přeloženo z angličtiny 
650 0 7 |a výchova dítěte  |7 ph127420  |x křesťanské pojetí  |2 czenas 
650 0 7 |a rodinná výchova  |7 ph125184  |x křesťanské pojetí  |2 czenas 
650 0 7 |a rodinné vztahy  |7 ph135535  |x křesťanské pojetí  |2 czenas 
650 0 7 |a křesťanská výchova  |7 ph122115  |2 czenas 
650 0 7 |a biblické citáty  |7 ph118853  |2 czenas 
650 0 9 |a child rearing  |x Christian approach  |2 eczenas 
650 0 9 |a family education  |x Christian approach  |2 eczenas 
650 0 9 |a family relations  |x Christian approach  |2 eczenas 
650 0 9 |a Christian education  |2 eczenas 
650 0 9 |a Biblical quotations  |2 eczenas 
655 7 |a populárně-naučné publikace  |7 fd131864  |2 czenas 
655 9 |a popular works  |2 eczenas 
700 1 |a Vránová, Jana,  |d 1974-  |7 mzk2012707610  |4 trl 
910 2 |a BOA001  |b 2-1406.243 
990 |a BK 
995 |a 01 
991 |b 201804  |c NOV 
996 6 |b 2610740427  |c 2-1406.243  |l MZK  |r Sklad / do 1 hodiny  |n 1  |p p.v.  |w 001660118  |u 000010  |a 1  |e BOA001  |j MZK50  |s P